Prensas hidráulicas
Uloženo v:
| Hlavní autor: | |
|---|---|
| Médium: | Kniha |
| Jazyk: | španělština |
| Vydáno: |
Buenos Aires
Alsina
1961
|
| Témata: | |
| Tagy: |
Přidat tag
Žádné tagy, Buďte první, kdo vytvoří štítek k tomuto záznamu!
|
MARC
| LEADER | 00000nam a2200000 a 4500 | ||
|---|---|---|---|
| 001 | UCP2769 | ||
| 003 | CL-VaPUC | ||
| 008 | 990531e19610000AG |||||||||||||||||spa|d | ||
| 082 | 0 | 4 | |a 621.902 |b WAG |2 21 |
| 100 | 0 | |a Waganoff, Nicolás P |e author |9 429704 | |
| 245 | 1 | 0 | |a Prensas hidráulicas |
| 300 | |a 385 p | ||
| 942 | |c BK | ||
| 945 | |d 19990531 00:00:00 |a cmena | ||
| 260 | |a Buenos Aires |b Alsina |c 1961 | ||
| 650 | 0 | |a Máquinas herramientas |9 262583 | |
| 650 | 0 | |a Industria metalúrgica |9 364008 | |
| 650 | 0 | |a Metalurgia |9 263720 | |
| 650 | 7 | |a MECANICA INDUSTRIAL |2 CL-VaPUC |9 429705 | |
| 650 | 7 | |a ELEMENTOS DE MAQUINAS |2 CL-VaPUC |9 429706 | |
| 583 | |a last modification |c 19990531 00:00:00 |k Rodrigo Vera | ||
| 999 | |c 281243 |d 281241 | ||
| 952 | |0 0 |1 0 |4 0 |6 621_902000000000000_WAG_1961 |7 0 |8 A |9 321929 |a BIBMEC |b BIBMEC |d 2019-11-20 |i 1499785 |o 621.902 WAG 1961 |p 1499785 |r 2024-01-19 |w 2019-11-20 |y BK |k MEC | ||